| 000 | 02503nam0a2200457 4500 | ||
|---|---|---|---|
| 001 | RU\NLR\BIBL_A\012243854 | ||
| 005 | 20200619161309.0 | ||
| 010 |
_a978-5-392-31465-2 _91000 |
||
| 021 |
_aRU _bКН-П-20-005173 _9КН-П-20-0394 |
||
| 035 | _a(NLR Aleph) 012243854 | ||
| 035 | _a(RuMoRGB)010261919 | ||
| 090 |
_a11046347 _c11046347 |
||
| 100 | _a20200312d2020 u y0rusy50 ca | ||
| 101 | 0 |
_arus _deng |
|
| 102 | _aRU | ||
| 105 | _ay|||j|||000zy | ||
| 181 | 0 |
_ai _baxxe |
|
| 182 | 0 | _an | |
| 200 | 1 |
_aКонституционное право _dConstitutional law _eучебник _f[Гончаров И.В., доктор юридических наук, профессор, Какителашвили М.М., доцент, кандидат юридических наук, Карпов Н.Н., доктор юридических наук, профессор и др.] _gпод общей редакцией доктора юридических наук, профессора О.С. Капинус _gУниверситет Прокуратуры Российской Федерации _zeng |
|
| 203 |
_aТекст _bвизуальный _cнепосредственный |
||
| 210 |
_aМосква _cПроспект _d2020 [т.е. 2019] |
||
| 215 |
_a512 с. _d21 |
||
| 225 | 1 | _aПрокуратура | |
| 300 | _aАвт. указаны на 5-й с. | ||
| 300 | _aКн. фактически изд. в 2019 г. | ||
| 300 | _aРез. англ. | ||
| 320 | _aБиблиогр.: с. 499-506 и в подстроч. примеч. | ||
| 510 | 1 |
_aConstitutional law _zeng |
|
| 606 | 1 |
_aКонституционное право _yРоссийская Федерация _jУчебники для высших учебных заведений _2nlr_sh1 _2nlr_sh2 _3RU\NLR\AUTH\661248813 |
|
| 686 | 1 | _aХ620я73 | |
| 701 | 1 |
_aГончаров _bИ. В. _gИгорь Владимирович |
|
| 701 | 1 |
_aКакителашвили _bМ. М. _gМихаил Михайлович |
|
| 701 | 1 |
_aКарпов _bН. Н. _cд-р юрид. наук _gНиколай Николаевич _3RU\NLR\AUTH\7754194 |
|
| 702 | 1 |
_aКапинус _bО. С. _f1978- _gОксана Сергеевна _4340 |
|
| 712 | 0 | 2 |
_aУниверситет прокуратуры Российской Федерации _3RU\NLR\AUTH\880487812 _4570 |
| 942 | _cBOOK | ||
| 980 | _aNBR | ||
| 980 | _aNB | ||